Départements français les plus touchés par la foudre - Statistiques

Statistiques générales
  • Ce quiz a été pris 37 fois
  • Le résultat moyen est 17 sur 20
Statistiques - réponses
Rang Densité moyenne de foudroiement
(nsg/km²/an)
Département % Correct
19 1.2779 Hautes-Alpes
91%
14 1.3575 Loire
91%
3 2.1344 Var
91%
6 1.9368 Alpes-Maritimes
88%
1 2.2966 Ardèche
88%
10 1.7276 Drôme
88%
2 2.2365 Gard
88%
20 1.2581 Isère
88%
12 1.501 Pyrénées-Orientales
88%
5 1.9474 Alpes-de-Haute-Provence
84%
8 1.7803 Bouches-du-Rhône
84%
17 1.2927 Rhône
84%
9 1.7487 Vaucluse
84%
11 1.5215 Hérault
81%
13 1.4956 Pyrénées-Atlantiques
81%
18 1.2741 Haute-Savoie
75%
15 1.3165 Hautes-Pyrénées
75%
7 1.8673 Corse-du-Sud
72%
4 2.0809 Haute-Corse
72%
16 1.3006 Doubs
59%
Aucun quiz correspondant
Distribution des résultats
% des personnes avec chaque résultat
Percentile par nombre de réponses
Votre historique - résultats
Vous n’avez pas pris ce quiz